000 01133cam a22001934a 4500
005 20250605164330.0
008 250528s ||||||||||||||||||||||||d
035 _a23185
020 _a9780415077303
040 _aGR-AtMCL
_bgre
_dGR-AtMCL
_eAACR2
245 1 _aJohn Bowlby and Attachment Theory
260 _bRoutledge - Taylor & Francis Group,
_c2005
300 _a252
520 _aThis book is one of the most important theoretical developments in Psychoanalysis since Freud. Acknowledgements, Introduction, Origins, Biographical, Maternal Deprivation, Attachment Theory, Attachment and Anxiety and Internal Working Models, Loss and Anger and Grief, Attachment Theory and Personality Development: The Research Evidence, mplications, Bowlby and the Inner World: Attachment Theory and Psychoanalysis, Attachment Theory and the Practice of Psychotherapy, Attachment Theory and Psychiatric Disorder, Attachment Theory and Society, Epilogue,Glossary of Terms Relevant to Attachment Theory, Chronology of John Bowlby, Bibliography, Index.
700 1 _aHolmes Jeremy
_98763
942 _cBK
999 _c8215
_d8215